Statistics for 沖縄都市モノレール線駅クイズ

Click here to take the quiz!

General Stats

  • This quiz has been taken 23 times
  • The average score is 12 of 19

Answer Stats

駅番号% Correct
1那覇空港駅
100%
7県庁前駅
95%
15首里駅
95%
11おもろまち駅
91%
19てだこ浦西駅
82%
2赤嶺駅
77%
6旭橋駅
59%
9牧志駅
59%
3小禄駅
59%
18浦添前田駅
59%
4奥武山公園駅
55%
5壺川駅
50%
13市立病院前駅
50%
14儀保駅
50%
10安里駅
50%
8美栄橋駅
41%
16石嶺駅
41%
17経塚駅
41%
12古島駅
32%

Score Distribution

Percentile by Number Answered

Percent of People with Each Score

Your Score History

You have not taken this quiz